NONEQUILIBRIUM STATISTICAL PHYSICS (Record no. 3989)
[ view plain ]
| 000 -LEADER | |
|---|---|
| fixed length control field | 00475nam a22001577a 4500 |
| 003 - CONTROL NUMBER IDENTIFIER | |
| control field | OSt |
| 005 - DATE AND TIME OF LATEST TRANSACTION | |
| control field | 20230403163934.0 |
| 008 - FIXED-LENGTH DATA ELEMENTS--GENERAL INFORMATION | |
| fixed length control field | 230403b |||||||| |||| 00| 0 eng d |
| 020 ## - INTERNATIONAL STANDARD BOOK NUMBER | |
| International Standard Book Number | 978-0-19-871227-5 |
| 040 ## - CATALOGING SOURCE | |
| Transcribing agency | CML |
| 082 ## - DEWEY DECIMAL CLASSIFICATION NUMBER | |
| Classification number | 530.13POT |
| 245 ## - TITLE STATEMENT | |
| Title | NONEQUILIBRIUM STATISTICAL PHYSICS |
| Remainder of title | LINEAR IRREVERSABLE PROCESSES |
| Statement of responsibility, etc. | BY POTTIER, NOELLE |
| 260 ## - PUBLICATION, DISTRIBUTION, ETC. | |
| Place of publication, distribution, etc. | UNITED KINGDOM |
| Name of publisher, distributor, etc. | OXFORD UNIVERSITY PRESS |
| Date of publication, distribution, etc. | 2014 |
| 300 ## - PHYSICAL DESCRIPTION | |
| Other physical details | contains graphs |
| Dimensions | xix,491p. |
| 942 ## - ADDED ENTRY ELEMENTS (KOHA) | |
| Source of classification or shelving scheme | Dewey Decimal Classification |
| Koha item type | Books |
| Call number prefix | 530.13 |
| Call number suffix | POT |
| Withdrawn status | Lost status | Source of classification or shelving scheme | Damaged status | Not for loan | Collection code | Home library | Current library | Shelving location | Date acquired | Total Checkouts | Full call number | Barcode | Date last seen | Copy number | Price effective from | Koha item type |
|---|---|---|---|---|---|---|---|---|---|---|---|---|---|---|---|---|
| Dewey Decimal Classification | Natural Sciences & Mathematics | Chalimbana Main Library | Chalimbana Main Library | Natural Sciences & Mathematics | 04/03/2023 | 530.13POT | 9780198712275 | 04/03/2023 | 1 | 04/03/2023 | Books |